000 00616nam a2200229Ia 4500
003 PE SENCICO BE
005 20251020182424.0
008 200515s9999 xx 000 0 und d
040 _aPE SENCICO BE
_cPE SENCICO BE
041 _aspa
082 _a861.1
_bC1
130 _92040
_aCantar del mio Cid
245 1 0 _aPoema del Cid /
_cAnónimo
250 _a6a ed.
260 _aLima :
_bUniverso,
_c1980
300 _a231 p. :
_c17 cm.
490 _aColección Autores Clásicos
650 1 0 _aPoesías épicas españolas
_92036
650 2 0 _aLiteratura española
_92034
942 _cLIB
_2ddc
999 _c60
_d60